00560nmm a2200169Ia 4500008004100000020001800041041000800059100001900067245009100086264005800177300001800235490003200253650003000285856005100315942000700366999001700373251105s9999||||xx |||||||||||||||||und|| a9788484898030 aspa aMeidl, Martina 0aPoesía, pensamiento y percepción :b Una lectura de Árbol adentro de Octavio Paz a[Madrid, España] :bIberoamericana Vervuert, c2015 a334 páginas aEdiciones de Iberoamericana aLatin American literature uhttps://public.digitaliapublishing.com/a/56737 cCF c86821d86821